Statistiken für Erfolgreichste Torschützen der Bundesliga-Geschichte

Klicken Sie hier um das Quiz zu spielen!

Allgemein

  • Dieses Quiz wurde 498 mal gespielt
  • Das Durchschnittsergebnis liegt bei 16 aus 34

Antwortstatistiken

Platz
AntwortToreVereineAktiv von-bis
% Korrekt
1Gerd Müller365Bayern München
1965–1979
100%
2Robert Lewandowski
272BVB, Bayern München
seit 2010
99%
26Thomas Müller
128Bayern München
seit 2008
98%
9Dieter Müller
177Köln, Stuttgart, Saarbrücken
1973–1986
96%
6Claudio Pizarro
197Bremen, Bayern, Köln
1999–2020
72%
22Marco Reus132Dortmund, Gladbach
seit 2009
72%
11Mario Gomez
170Stuttgart, Bayern, Wolfsburg
2004–2019
70%
32Miroslav Klose121Bremen, Kaiserslautern, Bayern
2000–2011
69%
17Stefan Kießling144Leverkusen, Nürnberg
2002–2018
63%
19Uwe Seeler137Hamburger SV
1963–1972
63%
13Karl-Heinz Rummenigge
162Bayern München
1974–1984
58%
3Klaus Fischer
268Schalke, Köln, 1860, Bochum1968-1988
58%
21Giovane Élber133Bayern, Stuttgart
1994–2005
55%
4Jupp Heynckes
220Gladbach, Hannover
1965–1978
52%
22Rudi Völler132Bremen, Leverkusen, 1860
1980–1996
50%
7Ulf Kirsten
181Bayer Leverkusen
1990–2003
47%
32Lothar Matthäus121Bayern, Gladbach
1979–2000
46%
27Vedad Ibišević127Hertha, Hoffenheim, Stuttgart, Aachen
2006–2020
44%
27Dieter Hoeneß127Bayern, Stuttgart
1977–1987
43%
9
Klaus Allofs
177Köln, Düsseldorf, Bremen
1975–1993
39%
16Thomas Allofs148Kaiserslautern, Düsseldorf, Köln
1978–1992
39%
20Horst Hrubesch136Hamburg, Essen, Dortmund
1975–1985
35%
29Martin Max1261860, Schalke, Gladbach, Rostock
1989–2004
33%
15Fritz Walter157Stuttgart, Mannheim
1983–1996
32%
5Manfred Burgsmüller
213BVB, Bremen, Essen, Nürnberg
1969–1990
32%
8Stefan Kuntz
179Kaiserslautern, Bochum, Uerdingen, Bielfeld
1983–1999
31%
24Michael Zorc131Borussia Dortmund
1981–1998
28%
14Bernd Hölzenbein160Eintracht Frankfurt
1967–1981
22%
12Hannes Löhr
1661. FC Köln
1964–1977
16%
31Frank Mill123Gladbach, Dortmund, Essen, Düsseldorf
1976–1996
13%
25Karl Allgöwer129VfB Stuttgart
1980–1991
13%
18Bernd Nickel141Eintracht Frankfurt
1968–1983
9%
30Georg Volkert125Hamburg, Nürnberg, Stuttgart
1965–1981
7%
32Herbert Laumen121Gladbach, Bremen, Kaiserslautern
1965–1974
5%

Verteilung der Resultate

Perzentil nach korrekt beantworteten Fragen

Anzahl Personen mit jedem Resultat

Ihre Resultats-Entwicklung

Sie haben dieses Quiz noch nicht gespielt